Basant Bhar/ (Record no. 43676)
[ view plain ]
| 000 -LEADER | |
|---|---|
| fixed length control field | 01343njm a22003137a 4500 |
| 005 - DATE AND TIME OF LATEST TRANSACTION | |
| control field | 20100903163611.0 |
| 006 - FIXED-LENGTH DATA ELEMENTS--ADDITIONAL MATERIAL CHARACTERISTICS--GENERAL INFORMATION | |
| fixed length control field | a|||||r|||||00| 0 |
| 007 - PHYSICAL DESCRIPTION FIXED FIELD--GENERAL INFORMATION | |
| fixed length control field | sd ammalaaahaa |
| 008 - FIXED-LENGTH DATA ELEMENTS--GENERAL INFORMATION | |
| fixed length control field | 100901t xxu||||| |||| 00| 0 eng d |
| 028 ## - PUBLISHER NUMBER | |
| Publisher number | N.52086 |
| Source | His Master 's Voice |
| 035 ## - SYSTEM CONTROL NUMBER | |
| System control number | GR-475 |
| 040 ## - CATALOGING SOURCE | |
| Original cataloging agency | SED |
| Transcribing agency | SED |
| 100 ## - MAIN ENTRY--PERSONAL NAME | |
| Personal name | Mangeshker,Lata |
| 9 (RLIN) | 17816 |
| 245 ## - TITLE STATEMENT | |
| Title | Basant Bhar/ |
| Statement of responsibility, etc | by Lata Mangesker,Asha Bhoshle |
| Medium | [Sound Recording]: |
| 246 ## - VARYING FORM OF TITLE | |
| Title proper/short title | बसंत बहार (लता मंगेशकर) (आशा भोसले) |
| 260 ## - PUBLICATION, DISTRIBUTION, ETC. (IMPRINT) | |
| Place of publication, distribution, etc | Dum Dum, India: |
| Name of publisher, distributor, etc | His Master 's Voice |
| 300 ## - PHYSICAL DESCRIPTION | |
| Extent | 1 sound Disc [GramaphoneRecording] : |
| Other physical details | analog, 33 1/3 rpm ; |
| Dimensions | 9.5 in (MP) |
| Type of unit | Gramaphone Records |
| 500 ## - GENERAL NOTE | |
| General note | Brief Record |
| 505 ## - FORMATTED CONTENTS NOTE | |
| Formatted contents note | में पिया तेरी (बसंत बहार )(लता मंगेशकर )श्रिदे२ कर गया रे ( बसंत बहार ) Me piya teri (Basent Bhar)(Lata Mangeshker)Side2Kar gaya re( Basent Bhar) |
| 650 ## - SUBJECT ADDED ENTRY--TOPICAL TERM | |
| Topical term or geographic name as entry element | Motion Picture Music |
| General subdivision | Excerpts |
| Geographic subdivision | India |
| 9 (RLIN) | 17817 |
| 700 ## - ADDED ENTRY--PERSONAL NAME | |
| Personal name | Bhosle ,Asha |
| 9 (RLIN) | 18029 |
| 700 ## - ADDED ENTRY--PERSONAL NAME | |
| Personal name | Sanker |
| 9 (RLIN) | 18146 |
| 700 ## - ADDED ENTRY--PERSONAL NAME | |
| Personal name | jaikishen |
| 9 (RLIN) | 18147 |
| 700 ## - ADDED ENTRY--PERSONAL NAME | |
| Personal name | Shailenda |
| 9 (RLIN) | 18148 |
| 700 ## - ADDED ENTRY--PERSONAL NAME | |
| Personal name | Hashrat jaipuri |
| 9 (RLIN) | 18150 |
| 700 ## - ADDED ENTRY--PERSONAL NAME | |
| 9 (RLIN) | 18080 |
| 942 ## - ADDED ENTRY ELEMENTS (KOHA) | |
| Source of classification or shelving scheme | Dewey Decimal Classification |
| Item type | Gramaphone Records |
| Withdrawn status | Lost status | Source of classification or shelving scheme | Damaged status | Not for loan | Collection code | Home library | Current library | Date acquired | Source of acquisition | Total Checkouts | Barcode | Date last seen | Copy number | Price effective from | Koha item type |
|---|---|---|---|---|---|---|---|---|---|---|---|---|---|---|---|
| Dewey Decimal Classification | Not For Loan | Non-fiction | Central Library | Central Library | 03/09/2010 | SED/VEN | GR-475 | 03/09/2010 | 1 | 03/09/2010 | Gramaphone Records |
